El fin del antiguo régimen, 1808-1868: cultura y vida cotidiana
保存先:
| 第一著者: | |
|---|---|
| フォーマット: | 図書 |
| 言語: | スペイン語 |
| 出版事項: |
Madrid, España
Síntesis
2001
|
| シリーズ: | Historia de España 3er Milenio,
25 |
| 主題: | |
| タグ: |
タグ追加
タグなし, このレコードへの初めてのタグを付けませんか!
|
MARC
| LEADER | 00000nam a2200000 a 4500 | ||
|---|---|---|---|
| 001 | UCM4013 | ||
| 003 | CL-VaPUC | ||
| 005 | 20210624001258.0 | ||
| 008 | 020726e20010000SP |||||||||||||||||spa|d | ||
| 999 | |c 300928 |d 300926 | ||
| 040 | |c Pontificia Universidad Católica de Valparaíso | ||
| 082 | 0 | 4 | |a 946.06 SER 2001 |2 21 |
| 100 | 0 | |a Serrano García, Rafael |e author |9 470516 | |
| 245 | 1 | 3 | |a El fin del antiguo régimen, 1808-1868: |b cultura y vida cotidiana |
| 260 | |a Madrid, España |b Síntesis |c 2001 | ||
| 300 | |a 319 páginas | ||
| 490 | 0 | |a Historia de España 3er Milenio, |v 25 | |
| 583 | |a last modification |c 20020726 00:00:00 |k Rodrigo Vera | ||
| 650 | 0 | |a Historia de España |y 1808-1868 |9 315435 | |
| 650 | 0 | |a Costumbres y tradiciones |z ESPAÑA |9 268292 | |
| 650 | 0 | |a Desarrollo cultural |z ESPAÑA |9 267526 | |
| 852 | |a BIBCUR | ||
| 942 | |c BK |2 ddc | ||
| 945 | |d 20020726 00:00:00 |a vberengu | ||
| 952 | |0 0 |1 0 |2 ddc |4 0 |6 946_060000000000000_SER_2001 |7 0 |8 A |9 359344 |a BIBHIS |b BIBHIS |d 2019-11-21 |i 3825051 |o 946.06 SER 2001 |p 3825051 |r 2025-01-20 |t 1 |w 2019-11-21 |y BK |k HIS | ||